[Event "Tuimazy-ch U14"]
[Site "Tuimazy"]
[Date "2016.03.03"]
[Round "5"]
[White "Lutfullin, Artur"]
[Black "Nasyrov, Arslan"]
[Result "0-1"]
[WhiteElo "1032"]
[BlackElo "1014"]
[PlyCount "124"]
[EventDate "2016.03.01"]
[EventType "tourn"]
[EventRounds "15"]
[EventCountry "RUS"]
[SourceTitle "EXT 2022"]
[Source "ChessBase"]
[SourceDate "2021.10.06"]
[SourceVersion "1"]
[SourceVersionDate "2021.10.06"]
[SourceQuality "1"]

1. e4 e5 2. Nf3 Nc6 3. Bb5 Qf6 4. Bxc6 Qxc6 5. Nxe5 Qxe4+ 6. Qe2 Qf5 7. d3 d6 8. Nf3+ Be6 9. 0-0 Nf6 10. Bg5 h6 11. Bxf6 Qxf6 12. c3 g5 13. Nd4 a6 14. Re1 Bg7 15. Nxe6 fxe6 16. Qxe6+ Qxe6 17. Rxe6+ Kd7 18. Re3 Rhe8 19. Rxe8 Rxe8 20. Nd2 c5 21. h3 Re2 22. Nf3 Rxb2 23. d4 cxd4 24. cxd4 b5 25. a4 Ke6 26. axb5 axb5 27. Re1+ Kd5 28. Re7 Bxd4 29. Nxd4 Kxd4 30. Re6 d5 31. Rxh6 b4 32. h4 gxh4 33. Rxh4+ Kc5 34. g3 b3 35. Rh3 Kc4 36. g4 Ra2 37. Rh4 d4 38. g5 Ra7 39. Rg4 Ra8 40. g6 Rg8 41. g7 Kc3 42. Rg6 Kd3 43. Rg3+ Kd2 44. Rxb3 Rxg7+ 45. Kf1 d3 46. Rb2+ Kc3 47. Ra2 Re7 48. Ra3+ Kc2 49. Ra2+ Kb3 50. Rd2 Kc3 51. Ra2 d2 52. f4 d1Q+ 53. Kf2 Kb3 54. Ra5 Qd2+ 55. Kf3 Qxa5 56. Kg4 Qe1 57. f5 Qf1 58. Kg5 Rg7+ 59. Kf6 Qxf5+ 60. Kxf5 Kc4 61. Kf6 Rc7 62. Ke6 Rc5 0-1

[Event "Tuimazy-ch U14"]
[Site "Tuimazy"]
[Date "2016.03.02"]
[Round "3"]
[White "Farkhutdinov, Danil"]
[Black "Nasyrov, Arslan"]
[Result "1-0"]
[WhiteElo "1338"]
[BlackElo "1014"]
[PlyCount "39"]
[EventDate "2016.03.01"]
[EventType "tourn"]
[EventRounds "15"]
[EventCountry "RUS"]
[SourceTitle "EXT 2022"]
[Source "ChessBase"]
[SourceDate "2021.10.06"]
[SourceVersion "1"]
[SourceVersionDate "2021.10.06"]
[SourceQuality "1"]

1. e4 d6 2. d4 Nf6 3. Nc3 Nc6 4. Nf3 g6 5. Bb5 Bd7 6. Bxc6 Bxc6 7. e5 dxe5 8. dxe5 Bxf3 9. Qxf3 Nh5 10. Qxb7 Bg7 11. Qc6+ Qd7 12. Qxd7+ Kxd7 13. g4 Nf4 14. Bxf4 e6 15. Rd1+ Ke7 16. Bg5+ Ke8 17. Nb5 Rc8 18. Nxa7 Ra8 19. Nb5 Rxa2 20. Rd8# 1-0